[Event "MIF ECAM Lyon"]
[Site "?"]
[Date "2023.04.15"]
[Round "8.1"]
[White "Doluhanova, Evgeniya"]
[Black "Shatil, Or"]
[Result "1/2-1/2"]
[WhiteElo "2318"]
[BlackElo "2002"]
[PlyCount "64"]
[EventDate "2023.04.11"]
[EventType "tourn"]
[SourceDate "2023.04.11"]
[TimeControl "1/40:0"]

1. c4 Nf6 2. d3 g6 3. e4 c5 4. Be2 Nc6 5. Nc3 Bg7 6. h4 d6 7. Be3 Nd4 8. Qd2
Ng4 9. Bg5 h6 10. Bf4 Bd7 11. Bd1 Qa5 12. Rb1 b5 13. cxb5 Nxb5 14. Nxb5 Qxb5
15. Ne2 Qb6 16. O-O h5 17. Nc3 O-O 18. Nd5 Qd8 19. Bg5 f6 20. Bf4 e5 21. Bg3 f5
22. f3 Bh6 23. f4 Be6 24. Bf3 Bxd5 25. exd5 exf4 26. Bxf4 Bxf4 27. Qxf4 Qxh4
28. Qxd6 Rf6 29. Qc7 Rf7 30. Qd6 Rf6 31. Qc7 Rf7 32. Qd6 Rf6 1/2-1/2

[Event "MIF ECAM Lyon"]
[Site "?"]
[Date "2023.04.15"]
[Round "8.2"]
[White "Priyanka Nutakki"]
[Black "Afraoui, Anaelle"]
[Result "1-0"]
[WhiteElo "2329"]
[BlackElo "2128"]
[PlyCount "61"]
[EventDate "2023.04.11"]
[EventType "tourn"]
[SourceDate "2023.04.11"]

1. d4 Nf6 2. c4 d6 3. Nc3 g6 4. Nf3 Bg7 5. g3 O-O 6. Bg2 Nbd7 7. O-O e5 8. e4
exd4 9. Nxd4 Re8 10. h3 a6 11. Rb1 Rb8 12. Re1 c5 13. Nc2 Ne5 14. b3 b5 15. f4
Ned7 16. Qxd6 bxc4 17. e5 cxb3 18. axb3 Nh5 19. g4 Bf8 20. Qd1 Ng7 21. Ne4 c4
22. Ne3 Ne6 23. Nxc4 Bb4 24. Rf1 Bb7 25. Qxd7 Bxe4 26. Qxd8 Bxb1 27. Qd1 Red8
28. Nd6 Bc5+ 29. Kh1 Nd4 30. Bb2 Bc2 31. Qd2 1-0

[Event "MIF ECAM Lyon"]
[Site "?"]
[Date "2023.04.15"]
[Round "8.5"]
[White "Kuhn, Clement"]
[Black "Flear, Glenn"]
[Result "1/2-1/2"]
[WhiteElo "2317"]
[BlackElo "2400"]
[PlyCount "81"]
[EventDate "2023.04.11"]
[EventType "tourn"]
[SourceDate "2023.04.11"]

1. e4 e5 2. Nc3 Nf6 3. f4 d5 4. fxe5 Nxe4 5. Qf3 Nxc3 6. dxc3 Be7 7. Bf4 Be6 8.
O-O-O Nd7 9. Qg3 g5 10. Bd2 c5 11. Kb1 Qc7 12. Nf3 h6 13. h3 O-O-O 14. Bb5 f6
15. Bxd7+ Bxd7 16. Qh2 Bf5 17. Rhf1 Be4 18. exf6 Bxf6 19. Qxc7+ Kxc7 20. Be3
Be7 21. Rf2 Rhf8 22. Rdf1 b6 23. Kc1 Rf6 24. Nd2 Rxf2 25. Rxf2 Bg6 26. Rf3 d4
27. cxd4 cxd4 28. Bf2 d3 29. cxd3 Rxd3 30. g3 Rxf3 31. Nxf3 Bd6 32. Nd4 Kd7 33.
Nb5 Bb8 34. Kd2 Kc6 35. Nc3 b5 36. a3 a6 37. h4 g4 38. Ne2 h5 39. Be3 Be5 40.
Bd4 Bd6 41. Nf4 1/2-1/2